AH International Schools' Libraries

Hairy Maclary's Showbusiness (Record no. 48092)

MARC details
000 -LEADER
fixed length control field 00424nam a22001217a 4500
008 - FIXED-LENGTH DATA ELEMENTS--GENERAL INFORMATION
fixed length control field 241211b |||||||| |||| 00| 0 eng d
020 ## - INTERNATIONAL STANDARD BOOK NUMBER
International Standard Book Number 9781856130806
100 ## - MAIN ENTRY--PERSONAL NAME
Personal name lynley-dodd (Author)
9 (RLIN) 85858
245 ## - TITLE STATEMENT
Title Hairy Maclary's Showbusiness
260 ## - PUBLICATION, DISTRIBUTION, ETC. (IMPRINT)
Place of publication, distribution, etc London, New York, Australia, Canada, India, Ireland, new Zealand and South Africa
Name of publisher, distributor, etc Puffin Books
Date of publication, distribution, etc 2007
300 ## - PHYSICAL DESCRIPTION
Extent 32 p
Other physical details col. ill.
Dimensions 0.04 x 0.04 x 0.04 inches
942 ## - ADDED ENTRY ELEMENTS (KOHA)
Source of classification or shelving scheme
Holdings
Withdrawn status Lost status Source of classification or shelving scheme Damaged status Not for loan Collection code Home library Current library Date acquired Total Checkouts Full call number Barcode Date last seen Price effective from Koha item type
          Siem Reap Asian Hope Siem Reap Asian Hope Siem Reap 12/11/2024   FIC LYN 207767 12/11/2024 12/11/2024 Book

For any Logos Library related questions please contact Miss Art at swongnarasuk@asianhope.org.

For any Asian Hope Library related questions please contact Miss Raza at graza@asianhope.org.

Powered by Koha